Detalles MARC
| 000 -LÍDER |
| Campo fijo de descripción fija |
01774nam a2200337 i 4500 |
| 001 - NÚMERO DE CONTROL |
| Campo de control |
768714001 |
| 003 - IDENTIFICADOR DEL NÚMERO DE CONTROL |
| Campo de control |
CO-MdFUSB |
| 005 - FECHA Y HORA DE LA ULTIMA TRANSACCIÓN |
| control field |
20210306095415.0 |
| 007 - CAMPO FIJO DE DESCRIPCIÓN FIJA--INFORMACIÓN GENERAL |
| Campo fijo de descripción fija |
ta |
| 008 - ELEMENTOS DE LONGITUD FIJA -- INFORMACIÓN GENERAL |
| Campo fijo de descripción fija -- Información general |
200530t2002 ck |||| |||| 00| 0 spa d |
| 020 ## - NÚMERO INTERNACIONAL NORMALIZADO PARA LIBROS |
| Número Internacional Normalizado del libro |
9580470162 |
| 040 ## - FUENTE DE CATALOGACIÓN |
| Agencia de catalogación original |
CO-MdFUSB |
| Idioma de catalogación |
spa |
| Agencia que realiza la transcripción |
CO-MdFUSB |
| Agencia que realiza la modificación |
CO-MdFUSBC |
| Convenciones de la descripción |
rda |
| 041 ## - CÓDIGO DE IDIOMA |
| Código de idioma para texto/pista de sonido o título separado |
eng |
| 082 ## - NÚMERO DE CLASIFICACIÓN DECIMAL DEWEY |
| Número de la edición del Dewey |
23 |
| Número de clasificación |
863.64 |
| Clave de autor-Numero de item |
G215 |
| 100 ## - ASIENTO PRINCIPAL--NOMBRE PERSONAL |
| Nombre personal |
García Márquez, Gabriel |
| Fechas asociadas con el nombre |
1927-2014 |
| Término relacionador |
autor |
| 245 ## - TÍTULO |
| Título del Material |
Vivir para contarla |
| Mención de responsabilidad, etc. |
/ Gabriel Márquez García |
| 250 ## - MENCIÓN DE EDICIÓN |
| Mención de edición |
Ptimera edición |
| 264 #1 - PRODUCCIÓN, PUBLICACIÓN, DISTRIBUCIÓN, MANUFACTURA, Y COPYRIGHT |
| Lugar de producción, publicación, distribución, manufactura |
Bogotá, Colombia : |
| Nombre del productor, publicador, distribuidor |
Norma, |
| Fecha de producción, publicación, distribución, manufactura, o copyright |
[2002] |
| 264 #4 - PRODUCCIÓN, PUBLICACIÓN, DISTRIBUCIÓN, MANUFACTURA, Y COPYRIGHT |
| Fecha de producción, publicación, distribución, manufactura, o copyright |
© 2002 |
| 300 ## - DESCRIPCIÓN FÍSICA |
| Extensión |
579 páginas |
| Dimensiones |
; 24 cm |
| 336 ## - TIPO DE CONTENIDO |
| Fuente |
rdacontent |
| Término de tipo de contenido |
texto |
| Código de tipo de contenido |
txt |
| 337 ## - TIPO DE MEDIO |
| Fuente |
rdamedia |
| Nombre del tipo de medio |
sin mediación |
| Código del tipo de medio |
n |
| 338 ## - TIPO DE SOPORTE |
| Fuente |
rdacarrier |
| Nombre del tipo de soporte |
volumen |
| Código Tipo de soporte |
nc |
| 490 ## - MENCIÓN DE SERIE |
| Mención de serie |
Obras de García Márquez |
| 520 ## - NOTA DE RESUMEN, ETC. |
| Nota de sumario, etc. |
Vivir para contarla es la novela de una vida y, a lo largo de sus páginas el lector de García Márquez descubrirá ecos de personajes e historias que han poblado sus inolvidables novelas como Cien años de soledad o El amor en los tiempos del cólera. Además, esta obra incluye muchas más sorpresas. Seguiremos los primeros pasos de García Márquez en el mundo de la creación artística, el trabajo incansable en el proceso de redacción y corrección de La hojarasca, los distintos escenarios de una juventud bohemia plagada de burdeles, bailes y hoteluchos de mala muerte en Barranquilla, Cartagena de Indias y Bogotá. Y todo aderezado con reflexiones sobre el oficio de escritor, en un entramado que avanza y retrocede en el tiempo con la seguridad que sólo pueden dar cincuenta años de oficio maestro. |
| 563 ## - NOTA DE ENCUADERNACIÓN |
| Nota de encuadernación |
Rústico |
| 600 #0 - ASIENTO SECUNDARIO DE MATERIA - NOMBRE PERSONAL |
| Nombre personal |
García Márquez, Gabriel |
| Fechas asociadas con el nombre |
1927-2014 |
| 650 #7 - ASIENTO SECUNDARIO DE MATERIA - TERMINO TEMÁTICO |
| Fuente del encabezamiento o término |
embne |
| 9 (RLIN) |
2518 |
| Término temático o nombre geográfico como elemento de entrada |
Literatura colombiana |
| 942 ## - TIPO DE MATERIAL (KOHA) |
| Tipo de Item KOHA |
Libros General |
| 945 ## - INFORMACIÓN LOCAL DEL REGISTRO |
| Catalogador |
JTF-925 |